| 000 -LEADER | |
|---|---|
| fixed length control field | 00383nam a22001697a 4500 |
| 005 - DATE AND TIME OF LATEST TRANSACTION | |
| control field | 20210909114402.0 |
| 008 - FIXED-LENGTH DATA ELEMENTS--GENERAL INFORMATION | |
| fixed length control field | 160627b xxu||||| |||| 00| 0 eng d |
| 020 ## - INTERNATIONAL STANDARD BOOK NUMBER | |
| ISBN | 81-7663-096-9 |
| 041 ## - LANGUAGE CODE | |
| Language code of text/sound track or separate title | eng |
| 082 ## - DEWEY DECIMAL CLASSIFICATION NUMBER | |
| Item number | 10280 |
| 100 ## - MAIN ENTRY--AUTHOR NAME | |
| Personal name | Lehninger Albert L |
| 245 ## - TITLE STATEMENT | |
| Title | Biochemistry |
| 260 ## - PUBLICATION, DISTRIBUTION, ETC. (IMPRINT) | |
| Name of publisher | Kalyani |
| Year of publication | 2003 |
| 300 ## - PHYSICAL DESCRIPTION | |
| Number of Pages | 1055 |
| 650 ## - SUBJECT ADDED ENTRY--TOPICAL TERM | |
| Topical Term | Agriculture |
| 942 ## - ADDED ENTRY ELEMENTS (KOHA) | |
| Koha item type | Books |
| Lost status | Damaged status | Collection code | Home library | Current library | Shelving location | Date acquired | Source of acquisition | Cost, normal purchase price | Full call number | Accession Number | Koha item type |
|---|---|---|---|---|---|---|---|---|---|---|---|
| Reference | JRU Library | JRU Library | SHELF-2-E | 27/06/2016 | PURCHESS | 750.00 | 572 | 10280 | Books | ||
| AGRICULTURE | JRU Library | JRU Library | SHELF-46-B | 25/10/2017 | PURCHESS | 750.00 | 572 | 22184 | Books | ||
| AGRICULTURE | JRU Library | JRU Library | SHELF-46-B | 25/10/2017 | PURCHESS | 750.00 | 572 | 22185 | Books | ||
| Reference | JRU Library | JRU Library | SHELF-2-E | 25/10/2017 | PURCHESS | 750.00 | 572 | 22186 | Books | ||
| AGRICULTURE | JRU Library | JRU Library | SHELF-46-B | 25/10/2017 | PURCHESS | 750.00 | 572 | 22187 | Books | ||
| AGRICULTURE | JRU Library | JRU Library | SHELF-46-B | 25/10/2017 | PURCHESS | 750.00 | 572 | 22188 | Books | ||
| AGRICULTURE | JRU Library | JRU Library | SHELF-46-B | 25/10/2017 | PURCHESS | 750.00 | 572 | 22213 | Books |